Trouvez l'intrus #2 - Sport - Statistiques

Statistiques générales
  • Ce quiz a été pris 77 fois
  • Le résultat moyen est 6 sur 15
Statistiques - réponses
Question Réponse % Correct
Ces clubs ont déjà remporté la Ligue des Champions Valence CF
67%
Ces pilotes de formule 1 ont remporté au moins un Grand Prix en 2024-2025 Sergio Perez
63%
Ces boxeurs sont des poids lourds Jack McAuliffe
57%
La France a remporté une médaille d'or aux JO de Paris dans ces sports Tir à l'arc
54%
Le chronomètre peut-être arrêté dans ces sports Football
48%
Ces tennismen/women sont droitiers John McEnroe
46%
Ce sont des exercices de musculation pour les abdominaux Shrug
40%
Ces équipes jouent en conférence est de NBA Nuggets
37%
Ces sportives sont des femmes Abebe Bikila
36%
Ces pays n'ont jamais terminé derniers d'un Tournoi des 6 Nations Irlande
33%
Ces épreuves font partie du pentathlon moderne Tir à la carabine
31%
Ces artistes ont déjà animé une mi-temps du superbowl Drake
30%
Ces évènements sportifs sont dans le top 10 des plus grosses audiences TV 2024 France-Pologne (Euro)
22%
Ces sports insolites existent Hole Jump
22%
Ces épreuves de ski existent aux JO d'hiver Ski de vitesse
12%
Aucun quiz correspondant
Distribution des résultats
% des personnes avec chaque résultat
Percentile par nombre de réponses
Votre historique - résultats
Vous n’avez pas pris ce quiz